000 00821nam a2200253Ia 4500
003 OSt
005 20220927110408.0
006 a|||||r|||| 00| 0
007 ta
008 220926b |||||||| |||| 00| 0 eng d
024 _a55108
037 _cReports
040 _aRTL
_cRTL
_beng
041 _2eng
_aeng
082 _a"X:9910gFp2,N86, M6"
110 _aSeminar on Adjustment to Structural and Technologiclal cgange (1986))Jamshedpur)
_9377543
245 0 _aReport
260 _aNew
_bDelhi Employment Promotion Research Project Publication India
_c1986
300 _a124p.
_ccm.
650 _aLabour Market
_9351281
700 _aSeminar on Adjustment to Structural and Technologiclal cgange (1986))Jamshedpur)
_9377544
942 _h"X:9910gFp2,N86, M6"
_cCC
999 _c696303
_d696303